005330000a2200157000450024501110000065000320011165000140014365000230015765100130018065300240019304100140021770000330023170000290026410000310029377300510032410aDistribución y fenología de tres especies del género Eunica en México ()14aDistribución geográfica14aMariposas14aNuevas subespecies 4pMéxico fNymphalidaegEunica0 aEspañol1 aLlorente Bousquets, Jorge E.1 aLuis Martínez, Armando1 aVargas Fernández, Isabel1 tTropical Lepidoptera3311h2q121-126d1996g7